000 00970nam a22003257a 4500
001 BR7375205
003 BR-BrBNA
005 20230928084411.0
007 ta
008 230509b bl.||||| |||| 00| 0 por d
040 _aBR-BrBNA
_bpor
_cBiblioteca Nacional de Agricultura
041 _a(Por)
072 _aE50; E10
090 _ E50 BR7375205
100 1 _aParente, J.J. de S.
100 1 _aSampaio, R.P.
110 1 _aUniversidade Federal do Ceara, Fortaleza (Brasil). Inst. de Pesquisas Economicas;
_911046
110 1 _aSuperintendencia do Desenvolvimento Economico e Cultural, Fortaleza, CE (Brasil)
_910205
245 1 _aDiagnostico socio-economico do Ceara
260 3 _aFortaleza, CE (Brasil):
_c1964.
300 _a2 v.
650 _aFISIOGRAFIA
650 _aDEMOGRAFIA
650 _aANALISE ECONOMICA
650 _aMAO-DE-OBRA
650 _aINDUSTRIA AGRICOLA
650 _aCEARA
909 _a202309
_bLucia
_c55
_dLucia Elande
942 _cBK
999 _c18696
_d18696